000 00985cam a2200289 i 4500
001 bg
003 BPK
005 20201014141239.0
008 000710s1979 pl a f f |001 0 pol
015 _aPB 1979/4271
020 _a832040066X
040 _aWA N
_cBPK
080 _a621.9
080 _a(075.8)
100 1 _aWrotny, Lucjan Tadeusz
_d(1920-2006)
_eAutor
245 1 0 _aObrabiarki skrawające do metali /
_cLucjan Tadeusz Wrotny.
250 _aWyd. 2 popr. i uzup.
260 _aWarszawa :
_bWydawnictwa Naukowo-Techniczne,
_c1979.
300 _a503, [1] s. :
_bil., tab., wykr. ;
_c24 cm.
504 _aBibliogr. s. 126, 316-317, 496-497. - Indeks.
650 4 _aObrabiarka skrawająca
655 4 _aPodręczniki akademickie
658 _aInżynieria i technika
710 2 _aWydawnictwa Naukowo-Techniczne
_4pbl.
856 _uhttp://koha.tu.koszalin.pl/cgi-bin/koha/opac-detail.pl?biblionumber=771
_yKatalog online BPK
942 _2UKD
_cKS
999 _c771
_d771